000 00615nam a22002177a 4500
003 UA-OsUOA
001 36644
007 ta
008 20061013b un ||||| |||| 00| 0 ukr d
090 _a082/94(477)
_bУ45
942 _cBK
040 _aUA-OsUOA
_bukr
_cUA-OsUOA
_dUA-OsUOA
245 _aУкраїнська історична наука на порозі ХХІ століття.
_b3
300 _a424 с.
955 _a1
041 _aukr
080 _a082/94(477)
260 _aЧернівці
_bРута
_c2001
650 7 _a08 Видання. Колективні праці
_2UDC
999 _c435172
_d435172